000 00265nam a2200109Ia 4500
999 _c9142
_d9142
020 _a0-07-114849-3
100 _aWilliam B. Werther
245 0 _aHuman Resources and Personal Management
260 _aNew Delhi
_bBantam Books Inc
_c2002
300 _a561
942 _cBK